000 01504nam0a2200313 4500
001 RU\NLR\bibl\481795
005 20260409064012.0
010 _a5-94879-018-5
_96000
021 _aRU
_b2003-62146
_93046
035 _a(NLR Aleph) 000474594
090 _a1015141
_c1015141
100 _a20040121d2003 |||y0rusy50 ca
101 0 _arus
102 _aRU
105 _ay |||||||||
200 1 _aУголовно-процессуальный кодекс Российской Федерации
_e(По состоянию на 1 окт. 2003 г.)
210 _aМ.
_cЮрайт
_d2003
215 _a593, [1] с.
_d21
225 1 _aРоссийское федеральное законодательство
604 _171001$aРоссийская Федерация
_1500##$3RU\NLR\AUTH\661293027$aУголовно-процессуальный кодекс$2nlr_sh2
_aРоссийская Федерация
_tУголовно-процессуальный кодекс
_92146253
_3RU\NLR\AUTH\661293027
606 0 _aУголовно-процессуальный кодекс
_yРоссийская Федерация
_92078726
_3RU\NLR\AUTH\661254590
686 1 _aХ629.3-324.9(2Р)
740 1 _aРоссийская Федерация
_tЗаконы
_iУголовно-процессуальный кодекс
_3RU\NLR\AUTH\880379492
_9425373
801 0 _aRU
_bNLR
_c20040121
_gPSBO
801 1 _aRU
_bNLR
_c20040121
942 _cBOOK
980 _aNB